Central Library OPAC University of Rajshahi

ماذا خسر العالم بانحطاط المسلمين ;; Mādhā khasira al-ʻālam bi-inḥiṭāṭ al-Muslimīn / (Record no. 78298)

MARC details
000 -LEADER
fixed length control field 00925nam a2200229 i 4500
001 - CONTROL NUMBER
control field 78298
003 - CONTROL NUMBER IDENTIFIER
rucl marc code BD-RjUL
005 - DATE AND TIME OF LATEST TRANSACTION
control field 20211209083120.0
008 - FIXED-LENGTH DATA ELEMENTS--GENERAL INFORMATION
fixed length control field 210906s19611381ua b ||| | ara d
035 ## - SYSTEM CONTROL NUMBER
System control number (BD-RjUL)78524
040 ## - CATALOGING SOURCE
Original cataloging agency UkOxU
Language of cataloging eng
Description conventions rda
Transcribing agency UkOxU
Modifying agency BD-RjUL
041 ## - LANGUAGE CODE
Language code of text/sound track or separate title ara
082 ## - DEWEY DECIMAL CLASSIFICATION NUMBER
Edition number 23
Classification number 297.09
Author mark and year NAM 1961
100 1# - MAIN ENTRY--PERSONAL NAME
Personal name Nadvī, Abulḥasan ʿAlī,
Dates associated with a name 1913-1999,
Relator term author.
9 (RLIN) 247412
245 10 - TITLE STATEMENT
Title ماذا خسر العالم بانحطاط المسلمين ;; Mādhā khasira al-ʻālam bi-inḥiṭāṭ al-Muslimīn /
Statement of responsibility, etc. أبي الحسن علي الحسني الندوي. ;; taʼlīf Abū al-Ḥasan ʻAlī al-Ḥusnī al-Nadwī.
250 ## - EDITION STATEMENT
Edition statement 4th.ed ;; الطبعة الرابعة
264 #1 - PRODUCTION, PUBLICATION, DISTRIBUTION, MANUFACTURE, AND COPYRIGHT NOTICE
Place of production, publication, distribution, manufacture Al Qahira :القاهرة :
Name of producer, publisher, distributor, manufacturer مكتبة دار العربية
Date of production, publication, distribution, manufacture, or copyright notice 1961
300 ## - PHYSICAL DESCRIPTION
Pagination 303 pages ;
Size 24 cm
504 ## - BIBLIOGRAPHY, ETC. NOTE
Bibliography, etc Includes bibliographical references.
650 #0 - SUBJECT ADDED ENTRY--TOPICAL TERM
Topical term or geographic name as entry element Islam
General subdivision History
9 (RLIN) 247413
942 ## - ADDED ENTRY ELEMENTS (KOHA)
Source of classification or shelving scheme Dewey Decimal Classification
Koha item type Books
Holdings
Lost status Source of classification or shelving scheme Damaged status Not for loan Collection code Permanent Location Current Location Shelving location Date acquired Source of acquisition Total Checkouts Full call number Date last seen Copy number Koha item type
  Dewey Decimal Classification   Not For Loan Non-fiction Central Library, University of Rajshahi Central Library, University of Rajshahi Reading Room 02/05/1964 Urdu Library , Dhaka   A 297.09 NAM 1961 06/09/2021 C-1 Books